[Event "Gibraltar Challengers"]
[Site "Gibraltar"]
[Date "2009.02.05"]
[Round "5"]
[White "Kozlov, Oleg"]
[Black "Haugstad, Espen"]
[Result "1-0"]
[WhiteElo "2187"]
[BlackElo "2114"]
[PlyCount "53"]
[EventDate "2009.02.01"]
[EventType "swiss"]
[EventRounds "5"]
[EventCountry "ENG"]
[SourceTitle "CBM 128 Extra"]
[Source "ChessBase"]
[SourceDate "2009.03.05"]
[SourceVersion "2"]
[SourceVersionDate "2009.03.25"]
[SourceQuality "1"]

1. d4 d5 2. Nf3 c6 3. c4 e6 4. Qc2 Nf6 5. g3 Nbd7 6. Bg2 Bd6 7. 0-0 0-0 8. Rd1 Qc7 9. Nc3 dxc4 10. e4 e5 11. h3 Rd8 12. Be3 b5 13. b3 cxb3 14. axb3 Bb7 15. dxe5 Nxe5 16. Nd4 b4 17. Na4 c5 18. Nb5 Qc6 19. Nxd6 Rxd6 20. Rxd6 Qxd6 21. Nxc5 Qc6 22. Qd2 Re8 23. f4 Ng6 24. Nxb7 Qxb7 25. e5 Ne4 26. Qd4 f5 27. Qc4+ 1-0

[Event "Gibraltar Challengers"]
[Site "Gibraltar"]
[Date "2009.02.03"]
[Round "3"]
[White "Haugstad, Espen"]
[Black "Cafolla, Peter"]
[Result "1-0"]
[WhiteElo "2114"]
[BlackElo "2013"]
[PlyCount "103"]
[EventDate "2009.02.01"]
[EventType "swiss"]
[EventRounds "5"]
[EventCountry "ENG"]
[SourceTitle "CBM 128 Extra"]
[Source "ChessBase"]
[SourceDate "2009.03.05"]
[SourceVersion "2"]
[SourceVersionDate "2009.03.25"]
[SourceQuality "1"]

1. e4 c5 2. Nf3 Nc6 3. d4 cxd4 4. Nxd4 Nf6 5. Nc3 e5 6. Ndb5 d6 7. Bg5 a6 8. Na3 b5 9. Bxf6 gxf6 10. Nd5 Bg7 11. c3 Ne7 12. Nc2 Nxd5 13. Qxd5 Rb8 14. Ne3 0-0 15. Nf5 Bxf5 16. exf5 Qb6 17. Rd1 Rfd8 18. Bd3 Qc5 19. Be4 b4 20. c4 Rbc8 21. Qxc5 Rxc5 22. Bd5 Rb8 23. Kd2 Kf8 24. Kc2 Ke7 25. Rd3 a5 26. Kb3 h6 27. Rhd1 Bf8 28. Ka4 Rc7 29. b3 Ke8 30. Be4 Be7 31. Rd5 Rc5 32. Rxc5 dxc5 33. Bc6+ Kf8 34. Rd7 Rd8 35. Kxa5 Rxd7 36. Bxd7 Kg7 37. Kb6 Bf8 38. Kc7 Be7 39. Bc6 Bf8 40. Kd7 Kg8 41. Bb7 Kg7 42. Bd5 Kg8 43. Ke8 Kg7 44. Bxf7 Bd6 45. Bd5 Bf8 46. Kd7 Kh7 47. Ke6 Bg7 48. Kf7 h5 49. Bf3 h4 50. Bh5 Kh6 51. Bg6 e4 52. Kg8 1-0

[Event "Gibraltar Masters 7th"]
[Site "Gibraltar"]
[Date "2009.02.01"]
[Round "6"]
[White "Haugstad, Espen"]
[Black "Stebbings, Anthony"]
[Result "0-1"]
[WhiteElo "2115"]
[BlackElo "2290"]
[PlyCount "96"]
[EventDate "2009.01.27"]
[EventType "swiss"]
[EventRounds "10"]
[EventCountry "ENG"]
[SourceTitle "CBM 128 Extra"]
[Source "ChessBase"]
[SourceDate "2009.03.05"]
[SourceVersion "2"]
[SourceVersionDate "2009.03.25"]
[SourceQuality "1"]

1. e4 c5 2. Nf3 e6 3. d4 cxd4 4. Nxd4 Nc6 5. Nc3 Qc7 6. Be3 a6 7. Qd2 Nf6 8. 0-0-0 Bb4 9. f3 0-0 10. Nb3 b5 11. Qf2 Rb8 12. Kb1 Bxc3 13. bxc3 d5 14. Bg5 Qe5 15. Qh4 dxe4 16. Bf4 Qxc3 17. Bxb8 Nxb8 18. fxe4 Bb7 19. Bd3 Nbd7 20. Qe1 Qe5 21. Qb4 Rc8 22. Qd4 Qc7 23. a4 Nb6 24. axb5 axb5 25. Qb4 Na4 26. Rde1 Nc3+ 27. Kb2 Ra8 28. Nc5 Qxc5 29. Qxc5 Na4+ 30. Kb3 Nxc5+ 31. Kb4 Ncxe4 32. Bxb5 Nd6 33. Rhg1 Rb8 34. c4 Ba6 35. Kc5 Nxb5 36. cxb5 Rxb5+ 37. Kc6 Rb2 38. Ra1 Bb7+ 39. Kc7 g5 40. Rab1 Rxb1 41. Rxb1 Bd5 42. Rf1 Ng4 43. h3 Ne3 44. Rf2 Nxg2 45. Kd6 Kg7 46. Ke7 Nf4 47. h4 Ng6+ 48. Ke8 Bc6+ 0-1

[Event "Gibraltar Challengers1"]
[Site "Gibraltar"]
[Date "2009.01.31"]
[Round "5"]
[White "Hagesaether, Arne"]
[Black "Haugstad, Espen"]
[Result "0-1"]
[WhiteElo "2184"]
[BlackElo "2115"]
[PlyCount "54"]
[EventDate "2009.01.27"]
[EventType "tourn"]
[EventRounds "5"]
[EventCountry "ENG"]
[SourceTitle "EXT 2010"]
[Source "ChessBase"]
[SourceDate "2010.11.25"]
[SourceVersion "1"]
[SourceVersionDate "2010.11.25"]
[SourceQuality "1"]

1. e4 c5 2. Nc3 Nc6 3. f4 g6 4. Nf3 Bg7 5. Bc4 e6 6. f5 Nge7 7. fxe6 dxe6 8. d3 0-0 9. a3 a6 10. 0-0 b5 11. Ba2 Nd4 12. Kh1 Bb7 13. Nxd4 cxd4 14. Ne2 Rc8 15. Bd2 Nc6 16. Rc1 Qd7 17. Qe1 Ne5 18. h3 Kh8 19. Nf4 Rfe8 20. Rf2 Rc6 21. Bb3 f6 22. Qe2 Nf7 23. Rcf1 Nd6 24. Qg4 f5 25. Qh4 Qf7 26. Nxe6 Rxe6 27. Qd8+ Qe8 0-1

[Event "Gibraltar Challengers1"]
[Site "Gibraltar"]
[Date "2009.01.30"]
[Round "4"]
[White "Haugstad, Espen"]
[Black "Natalicchio Escalante, Ricardo Nicolas"]
[Result "1/2-1/2"]
[WhiteElo "2115"]
[BlackElo "2238"]
[PlyCount "88"]
[EventDate "2009.01.27"]
[EventType "tourn"]
[EventRounds "5"]
[EventCountry "ENG"]
[SourceTitle "EXT 2010"]
[Source "ChessBase"]
[SourceDate "2010.11.25"]
[SourceVersion "1"]
[SourceVersionDate "2010.11.25"]
[SourceQuality "1"]

1. e4 c5 2. Nf3 d6 3. d4 cxd4 4. Nxd4 Nf6 5. Nc3 g6 6. Be3 Bg7 7. f3 0-0 8. Qd2 Nc6 9. Bc4 Bd7 10. 0-0-0 Rc8 11. Bb3 Nxd4 12. Bxd4 b5 13. Bxa7 b4 14. Nd5 Nxd5 15. exd5 Qa5 16. Bd4 Ba4 17. Qe3 Ra8 18. Rhe1 Rfc8 19. Bxg7 Kxg7 20. Qd4+ Kg8 21. Rxe7 Rc5 22. Rde1 Rac8 23. a3 Qa8 24. Qf4 Rf8 25. Qxd6 Qa5 26. Bxa4 bxa3 27. Re8 axb2+ 28. Kxb2 Qb4+ 29. Bb3 Rxc2+ 30. Kxc2 Qxd6 31. Rxf8+ Kxf8 32. h3 Qc5+ 33. Kd3 Qb4 34. Rb1 Ke7 35. Kc2 Kd6 36. Rc1 Qd4 37. Rd1 Qe3 38. Rd2 Qc5+ 39. Kb2 Qb4 40. Rc2 Qd4+ 41. Ka2 Qa7+ 42. Kb2 Qd4+ 43. Ka2 Qa7+ 44. Kb2 Qd4+ 1/2-1/2

[Event "Gibraltar Challengers1"]
[Site "Gibraltar"]
[Date "2009.01.29"]
[Round "3"]
[White "Guerrero Beret, Jesus"]
[Black "Haugstad, Espen"]
[Result "0-1"]
[WhiteElo "1964"]
[BlackElo "2115"]
[PlyCount "74"]
[EventDate "2009.01.27"]
[EventType "tourn"]
[EventRounds "5"]
[EventCountry "ENG"]
[SourceTitle "EXT 2010"]
[Source "ChessBase"]
[SourceDate "2010.11.25"]
[SourceVersion "1"]
[SourceVersionDate "2010.11.25"]
[SourceQuality "1"]

1. e4 c5 2. Nf3 e6 3. Nc3 Nc6 4. d4 cxd4 5. Nxd4 a6 6. Nxc6 bxc6 7. Bd3 Nf6 8. 0-0 d5 9. e5 Nd7 10. f4 Be7 11. Qg4 g6 12. Kh1 c5 13. b3 Bb7 14. Bd2 Qc7 15. a4 Rd8 16. Qg3 0-0 17. h4 c4 18. Be2 d4 19. Nd1 c3 20. Bc1 Nc5 21. h5 Be4 22. hxg6 hxg6 23. Bh5 Kg7 24. Kg1 Rh8 25. Bg4 Bh4 26. Qh3 Bf2+ 27. Nxf2 Rxh3 28. Nxh3 Bxc2 29. Ng5 Nxb3 30. Bxe6 Nxa1 31. Bxf7 Bf5 32. Ba3 Nc2 33. Be6 Nxa3 34. Bxf5 gxf5 35. Ne6+ Kf7 36. Nxc7 d3 37. Kf2 d2 0-1

[Event "Gjovik op"]
[Site "Gjovik"]
[Date "2009.01.05"]
[Round "7"]
[White "Pettersen, Joar Gullestad"]
[Black "Haugstad, Espen"]
[Result "0-1"]
[WhiteElo "2016"]
[BlackElo "2091"]
[PlyCount "134"]
[EventDate "2008.12.29"]
[EventType "swiss"]
[EventRounds "9"]
[EventCountry "NOR"]
[SourceTitle "CBM 130 Extra"]
[Source "ChessBase"]
[SourceDate "2009.07.02"]
[SourceVersion "2"]
[SourceVersionDate "2009.07.15"]
[SourceQuality "1"]

1. Nf3 Nf6 2. d4 d5 3. g3 e6 4. Bg2 Be7 5. 0-0 0-0 6. c4 dxc4 7. Qc2 a6 8. Qxc4 b5 9. Qc2 Bb7 10. Bd2 Be4 11. Qc1 Bd6 12. a3 Nbd7 13. Ba5 Rc8 14. Nbd2 Ba8 15. Qc2 Qe7 16. b4 e5 17. dxe5 Nxe5 18. Nxe5 Bxg2 19. Kxg2 Qxe5 20. Nf3 Qe4 21. Qxe4 Nxe4 22. Rfd1 c5 23. Ng5 Nxg5 24. Rxd6 c4 25. Rxa6 Ne4 26. Rc1 c3 27. Rb6 c2 28. Rb7 Nd2 29. Rc7 Rxc7 30. Bxc7 Rc8 31. Rxc2 Nc4 32. Bf4 Ne3+ 33. Bxe3 Rxc2 34. Kf3 Rc4 35. Bc5 f5 36. h4 Kf7 37. Ke3 Ke6 38. Kd3 Rc1 39. Bf8 g6 40. Kd4 Rc4+ 41. Kd3 Kd5 42. Bh6 Rd4+ 43. Kc3 Rd1 44. Kc2 Re1 45. Kd3 Ra1 46. Bg7 Rxa3+ 47. Bc3 Rb3 48. f3 Rb1 49. e4+ fxe4+ 50. fxe4+ Kd6 51. Ke3 Rg1 52. Kf4 Ke6 53. Bd4 Rf1+ 54. Ke3 Rd1 55. Ba7 Kf6 56. Bd4+ Ke6 57. Bb6 Kd6 58. Bd4 Rc1 59. Bg7 Kc6 60. Bf8 Rf1 61. Be7 Rf7 62. Bc5 h6 63. Bd4 Kd6 64. Bc5+ Ke6 65. Bd4 g5 66. hxg5 hxg5 67. Bc5 g4 0-1

[Event "Gjovik op"]
[Site "Gjovik"]
[Date "2009.01.04"]
[Round "6"]
[White "Haugstad, Espen"]
[Black "Flermoen, Peter"]
[Result "0-1"]
[WhiteElo "2091"]
[BlackElo "1977"]
[PlyCount "70"]
[EventDate "2008.12.29"]
[EventType "swiss"]
[EventRounds "9"]
[EventCountry "NOR"]
[SourceTitle "CBM 130 Extra"]
[Source "ChessBase"]
[SourceDate "2009.07.02"]
[SourceVersion "2"]
[SourceVersionDate "2009.07.15"]
[SourceQuality "1"]

1. e4 e6 2. d4 d5 3. Nc3 Bb4 4. e5 c5 5. a3 Bxc3+ 6. bxc3 Ne7 7. Qg4 Qc7 8. Qxg7 Rg8 9. Qxh7 cxd4 10. Ne2 Nbc6 11. f4 Bd7 12. Qd3 dxc3 13. Nxc3 a6 14. Rb1 Rc8 15. h4 Na5 16. Rh3 Qc5 17. h5 Nf5 18. a4 Rc7 19. h6 Nc4 20. h7 Rh8 21. g4 Ne7 22. Qg3 Ng6 23. Qf2 Qa5 24. Bxc4 Rxc4 25. Bd2 Qc7 26. Kd1 Nf8 27. Qh2 Bc6 28. Rh6 d4 29. Ne2 Bxa4 30. Rc1 Rxc2 31. Ke1 Rxc1+ 32. Nxc1 Qc2 33. Qe2 Rxh7 34. Rxh7 Qxh7 35. Qc4 Qh4+ 0-1

[Event "WMSG Rapid Team 1st"]
[Site "Beijing"]
[Date "2008.10.15"]
[Round "6"]
[White "Haugstad, Espen"]
[Black "Diamant, Andre"]
[Result "0-1"]
[WhiteElo "2091"]
[BlackElo "2412"]
[PlyCount "94"]
[EventDate "2008.10.14"]
[EventType "team (rapid)"]
[EventRounds "9"]
[EventCountry "CHN"]
[SourceTitle "CBM 126 Extra"]
[Source "ChessBase"]
[SourceDate "2008.11.05"]
[SourceVersion "1"]
[SourceVersionDate "2008.11.05"]
[SourceQuality "1"]

1. e4 c5 2. Nf3 d6 3. d4 cxd4 4. Nxd4 Nf6 5. Nc3 e6 6. Be3 Be7 7. Be2 0-0 8. 0-0 Nc6 9. Qd2 a6 10. a4 Qc7 11. f4 Bd7 12. Nb3 b6 13. Bf3 Bc8 14. Rad1 Bb7 15. Qf2 Nd7 16. Nd2 Nb4 17. Nb3 Rac8 18. Rd2 Nc5 19. Nxc5 bxc5 20. Rfd1 Rfe8 21. f5 Nc6 22. fxe6 fxe6 23. Bg4 Bf8 24. Bf4 Nd4 25. Qg3 Rb8 26. Qh3 Qe7 27. Rf1 g6 28. Rdf2 Bg7 29. Bh6 Rf8 30. Rxf8+ Rxf8 31. Rxf8+ Kxf8 32. Bxg7+ Kxg7 33. Qd3 Qg5 34. Bd1 Qe5 35. Bf3 h5 36. g3 h4 37. Kg2 Qf6 38. Bd1 Qg5 39. Ne2 Qe5 40. Nc3 Qf6 41. b3 h3+ 42. Kxh3 Qf2 43. Nb1 Qe1 44. c3 Bxe4 45. Qd2 Qf1+ 46. Kh4 Qf6+ 47. Kh3 Nf3 0-1

[Event "WMSG Blitz Team 1st"]
[Site "Beijing"]
[Date "2008.10.13"]
[Round "4"]
[White "Dietmayer Kraeutler, Marco"]
[Black "Haugstad, Espen"]
[Result "0-1"]
[WhiteElo "2302"]
[BlackElo "2091"]
[PlyCount "61"]
[EventDate "2008.10.13"]
[EventType "tourn (blitz)"]
[EventRounds "11"]
[EventCountry "CHN"]
[SourceTitle "CBM 126 Extra"]
[Source "ChessBase"]
[SourceDate "2008.11.05"]
[SourceVersion "1"]
[SourceVersionDate "2008.11.05"]
[SourceQuality "1"]

1. d4 Nf6 2. c4 e6 3. Nc3 d5 4. Nf3 c6 5. Bg5 dxc4 6. a4 h6 7. Bh4 g5 8. Bg3 Bd7 9. e4 b5 10. h4 g4 11. Ne5 h5 12. f3 Rg8 13. Nxd7 Qxd7 14. Be5 Be7 15. Qd2 Qb7 16. axb5 cxb5 17. Ra5 b4 18. Nb5 Nc6 19. Nc7+ Kd7 20. Ra4 Nxe5 21. Nxa8 Ng6 22. Bxc4 Rxa8 23. d5 exd5 24. exd5 Bd6 25. Kf2 Qb6+ 26. Ke2 Re8+ 27. Kd1 Bf4 28. Qd3 Qf2 29. Rf1 Qxg2 30. Bb5+ Kd8 31. Bxe8 0-1

[Event "WMSG Blitz Team 1st"]
[Site "Beijing"]
[Date "2008.10.13"]
[Round "11"]
[White "Haugstad, Espen"]
[Black "Chung, Soonhun"]
[Result "1-0"]
[WhiteElo "2091"]
[BlackElo "1828"]
[PlyCount "49"]
[EventDate "2008.10.13"]
[EventType "tourn (blitz)"]
[EventRounds "11"]
[EventCountry "CHN"]
[SourceTitle "CBM 126 Extra"]
[Source "ChessBase"]
[SourceDate "2008.11.05"]
[SourceVersion "1"]
[SourceVersionDate "2008.11.05"]
[SourceQuality "1"]

1. e4 e6 2. d4 d5 3. Nc3 Bb4 4. e5 Ne7 5. a3 Bxc3+ 6. bxc3 c5 7. Qg4 0-0 8. Bd3 c4 9. Be2 Nbc6 10. Nf3 f5 11. exf6 Rxf6 12. Bg5 Rf5 13. Nh4 Rf7 14. Qg3 Nf5 15. Nxf5 Rxf5 16. Bxd8 Nxd8 17. Bg4 Rf7 18. 0-0 Nc6 19. Rfe1 Re7 20. Qd6 Kf7 21. Re3 Bd7 22. Rae1 Rd8 23. Qf4+ Kg8 24. Bxe6+ Bxe6 25. Rxe6 1-0

[Event "WMSG Blitz Team 1st"]
[Site "Beijing"]
[Date "2008.10.13"]
[Round "6"]
[White "Haugstad, Espen"]
[Black "Mohsin, Basim A"]
[Result "0-1"]
[WhiteElo "2091"]
[BlackElo "2221"]
[PlyCount "56"]
[EventDate "2008.10.13"]
[EventType "tourn (blitz)"]
[EventRounds "11"]
[EventCountry "CHN"]
[SourceTitle "CBM 126 Extra"]
[Source "ChessBase"]
[SourceDate "2008.11.05"]
[SourceVersion "1"]
[SourceVersionDate "2008.11.05"]
[SourceQuality "1"]

1. e4 c6 2. d4 d5 3. Nc3 dxe4 4. Nxe4 Nd7 5. Bd3 Ngf6 6. Ng5 e6 7. N1f3 h6 8. Ne4 Nxe4 9. Bxe4 Nf6 10. Bd3 c5 11. Be3 cxd4 12. Bxd4 Be7 13. 0-0 0-0 14. Bc3 b6 15. Qe2 Bb7 16. Rad1 Qc8 17. Bb5 Bd5 18. Ne5 a6 19. Bd3 Bxa2 20. Ra1 Bd5 21. Bxa6 Qc7 22. Ng4 Rxa6 23. Qxa6 Nxg4 24. h3 Nf6 25. Rfe1 Qc6 26. Qa7 Re8 27. f3 b5 28. Ra6 Bc5+ 0-1

[Event "Arctic Chess Challenge"]
[Site "Tromsoe"]
[Date "2008.08.07"]
[Round "6"]
[White "Haugstad, Espen"]
[Black "Bjerke, Richard"]
[Result "0-1"]
[WhiteElo "2032"]
[BlackElo "2212"]
[PlyCount "80"]
[EventDate "2008.08.02"]
[EventType "swiss"]
[EventRounds "9"]
[EventCountry "NOR"]
[SourceTitle "CBM 125 Extra"]
[Source "ChessBase"]
[SourceDate "2008.09.01"]
[SourceVersion "1"]
[SourceVersionDate "2008.09.01"]
[SourceQuality "1"]

1. e4 c5 2. Nf3 e6 3. d4 cxd4 4. Nxd4 a6 5. Nc3 Qc7 6. Be3 Nc6 7. Be2 Nf6 8. Qd2 Bb4 9. f3 d5 10. exd5 Nxd5 11. Nxc6 bxc6 12. 0-0 Nxe3 13. Qxe3 0-0 14. Kh1 Rb8 15. Ne4 a5 16. f4 Be7 17. Rab1 c5 18. c4 Bd7 19. Bd3 Bc6 20. f5 Qe5 21. fxe6 f5 22. Qg3 Qxe6 23. Nc3 Bd6 24. Qh3 g6 25. b3 Rbe8 26. Rbd1 Qf6 27. Nd5 Qb2 28. Qh4 Bxd5 29. cxd5 Qxa2 30. Bc4 Re4 31. Qh6 Qb2 32. Rb1 Qe5 33. Ra1 Qc3 34. Rac1 Qf6 35. Qd2 Rh4 36. g3 Bxg3 37. Rf2 Bxf2 38. Qxf2 Qd4 39. Qxd4 Rxd4 40. Bb5 f4 0-1

[Event "Arctic Chess Challenge"]
[Site "Tromsoe"]
[Date "2008.08.06"]
[Round "5"]
[White "Standal, Egil Arne"]
[Black "Haugstad, Espen"]
[Result "0-1"]
[WhiteElo "1864"]
[BlackElo "2032"]
[PlyCount "84"]
[EventDate "2008.08.02"]
[EventType "swiss"]
[EventRounds "9"]
[EventCountry "NOR"]
[SourceTitle "CBM 125 Extra"]
[Source "ChessBase"]
[SourceDate "2008.09.01"]
[SourceVersion "1"]
[SourceVersionDate "2008.09.01"]
[SourceQuality "1"]

1. e4 c5 2. Nc3 Nc6 3. g3 g6 4. Bg2 Bg7 5. d3 e6 6. Be3 d6 7. Qd2 Rb8 8. f4 Nge7 9. Nf3 0-0 10. 0-0 b5 11. d4 b4 12. Nd1 cxd4 13. Nxd4 Qc7 14. Nf2 Rd8 15. Nxc6 Nxc6 16. Nd3 Na5 17. Qf2 Rd7 18. Rac1 Nc4 19. c3 bxc3 20. bxc3 Nxe3 21. Qxe3 Ba6 22. Rf2 Bc4 23. f5 exf5 24. exf5 Qa5 25. Nb4 Qa3 26. f6 Bf8 27. Qd2 d5 28. Nc6 Re8 29. Re1 Rxe1+ 30. Qxe1 Qd6 31. Nd4 Rb7 32. Qc1 Qb8 33. Qf4 Rb1+ 34. Bf1 Qxf4 35. Rxf4 Bxa2 36. Kg2 Rb6 37. g4 Bh6 38. Rf2 Bb1 39. h4 Be4+ 40. Kg3 Be3 41. Ra2 Rxf6 42. Be2 Rf2 0-1

[Event "Gibraltar Masters 6th"]
[Site "Gibraltar"]
[Date "2008.01.30"]
[Round "9"]
[White "Tscharotschkin, Michael"]
[Black "Haugstad, Espen"]
[Result "1-0"]
[WhiteElo "2272"]
[BlackElo "2042"]
[PlyCount "37"]
[EventDate "2008.01.22"]
[EventType "swiss"]
[EventRounds "10"]
[EventCountry "ENG"]
[SourceTitle "CBM 122 Extra"]
[Source "ChessBase"]
[SourceDate "2008.03.04"]
[SourceVersion "1"]
[SourceVersionDate "2008.03.04"]
[SourceQuality "1"]

1. e4 c5 2. c3 Nf6 3. e5 Nd5 4. d4 cxd4 5. Nf3 Nc6 6. cxd4 d6 7. Bc4 Nb6 8. Bb3 dxe5 9. d5 Na5 10. Nc3 Nxb3 11. Qxb3 Qd6 12. Nb5 Qb8 13. Be3 a6 14. Bxb6 axb5 15. Rc1 f6 16. Rc7 Bd7 17. Rxd7 Kxd7 18. Qxb5+ Kd6 19. Nd2 1-0

[Event "Gibraltar Masters 6th"]
[Site "Gibraltar"]
[Date "2008.01.24"]
[Round "3"]
[White "Rodriguez Lopez, Rafael"]
[Black "Haugstad, Espen"]
[Result "1-0"]
[WhiteElo "2285"]
[BlackElo "2042"]
[PlyCount "57"]
[EventDate "2008.01.22"]
[EventType "swiss"]
[EventRounds "10"]
[EventCountry "ENG"]
[SourceTitle "CBM 122 Extra"]
[Source "ChessBase"]
[SourceDate "2008.03.04"]
[SourceVersion "1"]
[SourceVersionDate "2008.03.04"]
[SourceQuality "1"]

1. Nf3 Nf6 2. g3 c5 3. Bg2 Nc6 4. d4 cxd4 5. Nxd4 d5 6. 0-0 e6 7. c4 Be7 8. cxd5 exd5 9. Nc3 0-0 10. b3 Qa5 11. Bb2 Bg4 12. h3 Bd7 13. e3 Rac8 14. Rc1 Rfd8 15. Qd3 Bc5 16. Nde2 a6 17. Rfd1 Ba3 18. Bxa3 Qxa3 19. Qb1 Be6 20. Nf4 Ne7 21. Qa1 Rc5 22. Nce2 Rdc8 23. Rxc5 Rxc5 24. Nxe6 fxe6 25. Qe5 Rc6 26. Qb8+ Kf7 27. Qxb7 Ne8 28. Nd4 Nd6 29. Qd7 1-0

[Event "Gibraltar Masters 6th"]
[Site "Gibraltar"]
[Date "2008.01.23"]
[Round "2"]
[White "Haugstad, Espen"]
[Black "Caspi, Israel"]
[Result "0-1"]
[WhiteElo "2042"]
[BlackElo "2378"]
[PlyCount "98"]
[EventDate "2008.01.22"]
[EventType "swiss"]
[EventRounds "10"]
[EventCountry "ENG"]
[SourceTitle "CBM 122 Extra"]
[Source "ChessBase"]
[SourceDate "2008.03.04"]
[SourceVersion "1"]
[SourceVersionDate "2008.03.04"]
[SourceQuality "1"]

1. e4 c5 2. Nf3 d6 3. d4 cxd4 4. Nxd4 e6 5. Nc3 a6 6. Bc4 Nf6 7. Bb3 Nbd7 8. Qe2 Nc5 9. f3 Be7 10. g4 d5 11. exd5 Nxb3 12. axb3 Nxd5 13. Nxd5 Qxd5 14. Qc4 Qe5+ 15. Ne2 Bh4+ 16. Kf1 Bd7 17. Qf4 Qc5 18. Qe3 Qxc2 19. Nd4 Qc5 20. Bd2 Bf6 21. Bc3 Rd8 22. Kf2 Qg5 23. Qe4 0-0 24. Rad1 Bc8 25. h4 Qe5 26. Qxe5 Bxe5 27. Nxe6 Bxe6 28. Bxe5 Bxb3 29. Rxd8 Rxd8 30. Bf4 Ba4 31. Be3 Bc6 32. Rc1 f6 33. Rc2 Rd1 34. Rc1 Rd3 35. Rc3 Rxc3 36. bxc3 a5 37. f4 a4 38. Bc1 Kf7 39. Ke3 Bd7 40. g5 Kg6 41. Ba3 Kh5 42. Bf8 Kxh4 43. gxf6 gxf6 44. Be7 Kg4 45. Bxf6 h5 46. Be5 h4 47. Kf2 b5 48. Bd6 Bf5 49. Kg2 h3+ 0-1

[Event "Calvia op 4th"]
[Site "Calvia"]
[Date "2007.10.23"]
[Round "9"]
[White "Molina, Jorge"]
[Black "Haugstad, Espen"]
[Result "0-1"]
[WhiteElo "2201"]
[BlackElo "2025"]
[PlyCount "124"]
[EventDate "2007.10.15"]
[EventType "swiss"]
[EventRounds "9"]
[EventCountry "ESP"]
[SourceTitle "CBM 120 Extra"]
[Source "ChessBase"]
[SourceDate "2007.11.01"]
[SourceVersion "1"]
[SourceVersionDate "2007.11.01"]
[SourceQuality "1"]

1. Nf3 f5 2. e4 fxe4 3. Ng5 Nf6 4. d3 e5 5. Nxe4 d5 6. Nxf6+ Qxf6 7. Qh5+ g6 8. Qg5 Bg7 9. Qxf6 Bxf6 10. Nc3 c6 11. Bh6 Bf5 12. h4 Nd7 13. 0-0-0 0-0-0 14. Be2 Rhe8 15. Bg5 Rf8 16. f3 Rde8 17. Bxf6 Nxf6 18. Rdf1 Bd7 19. Bd1 Nh5 20. Ne2 h6 21. c3 Nf4 22. Nxf4 exf4 23. Re1 Kd8 24. d4 Rxe1 25. Rxe1 Re8 26. Kd2 Bf5 27. Rxe8+ Kxe8 28. Ke2 g5 29. hxg5 hxg5 30. Kf2 Ke7 31. g4 Bg6 32. Ke2 Kd6 33. Kd2 Bb1 34. a3 c5 35. dxc5+ Kxc5 36. Be2 Bg6 37. b4+ Kd6 38. a4 b6 39. Bb5 a5 40. Bd3 Be8 41. Bc2 Ke5 42. Kd3 Bf7 43. Bb3 Bg6+ 44. Kd2 d4 45. Bd1 Be8 46. Kd3 dxc3 47. bxa5 bxa5 48. Kxc3 Kd5 49. Bb3+ Kc5 50. Bc2 Bf7 51. Bd1 Bc4 52. Bc2 Be2 53. Be4 Bd1 54. Bb7 Bxa4 55. Ba6 Bc6 56. Be2 Bd5 57. Bd1 Bc4 58. Bc2 Be2 59. Be4 a4 60. Kd2 Bc4 61. Kc3 a3 62. Bc2 a2 0-1

[Event "Calvia op 4th"]
[Site "Calvia"]
[Date "2007.10.20"]
[Round "6"]
[White "Haugstad, Espen"]
[Black "Aroven, Mikael"]
[Result "0-1"]
[WhiteElo "2025"]
[BlackElo "2201"]
[PlyCount "62"]
[EventDate "2007.10.15"]
[EventType "swiss"]
[EventRounds "9"]
[EventCountry "ESP"]
[SourceTitle "CBM 120 Extra"]
[Source "ChessBase"]
[SourceDate "2007.11.01"]
[SourceVersion "1"]
[SourceVersionDate "2007.11.01"]
[SourceQuality "1"]

1. e4 c5 2. Nf3 Nc6 3. d4 cxd4 4. Nxd4 g6 5. Nc3 Bg7 6. Be3 Nf6 7. Bc4 0-0 8. Bb3 a5 9. f3 d5 10. Bxd5 Nxd5 11. exd5 Nb4 12. Nde2 e6 13. d6 Bd7 14. a4 Rc8 15. Bd4 Bh6 16. 0-0 Rc6 17. f4 f6 18. Nb5 Nxc2 19. Rc1 Nxd4 20. Qxd4 Qb6 21. Qxb6 Rxb6 22. Ned4 e5 23. Rc7 Rd8 24. Rxd7 Rxd7 25. Ne6 Rxb5 26. axb5 Rxd6 27. Nc5 Bxf4 28. Ne4 Rb6 29. g4 Kg7 30. Nc3 Rd6 31. Nb1 Rd3 0-1

[Event "Arctic Chess Challenge"]
[Site "Tromsoe"]
[Date "2007.08.12"]
[Round "9"]
[White "De Firmian, Nick E"]
[Black "Haugstad, Espen"]
[Result "1-0"]
[WhiteElo "2540"]
[BlackElo "2023"]
[PlyCount "69"]
[EventDate "2007.08.04"]
[EventType "swiss"]
[EventRounds "9"]
[EventCountry "NOR"]
[SourceTitle "CBM 119 Extra"]
[Source "ChessBase"]
[SourceDate "2007.09.04"]
[SourceVersion "1"]
[SourceVersionDate "2007.09.04"]
[SourceQuality "1"]

1. e4 e5 2. Nf3 Nc6 3. Bb5 a6 4. Ba4 Nf6 5. 0-0 Be7 6. Re1 b5 7. Bb3 d6 8. c3 0-0 9. h3 Bb7 10. d4 Re8 11. a4 h6 12. Nbd2 Bf8 13. Bc2 exd4 14. cxd4 Nb4 15. Bb1 c5 16. d5 Nd7 17. Ra3 f5 18. g4 f4 19. Nb3 Ne5 20. Bxf4 Nxf3+ 21. Qxf3 Qf6 22. Na5 Nxd5 23. Bd2 b4 24. Rd3 c4 25. exd5 Qxf3 26. Rxf3 Rxe1+ 27. Bxe1 Bxd5 28. Rf4 Bf7 29. Bxb4 g5 30. Rxf7 Kxf7 31. Be4 Rc8 32. Bd5+ Ke7 33. Nxc4 Bg7 34. Bxd6+ Kd7 35. Ba3 1-0

[Event "Arctic Chess Challenge"]
[Site "Tromsoe"]
[Date "2007.08.11"]
[Round "8"]
[White "Haugstad, Espen"]
[Black "Pedersen, Oyvind"]
[Result "0-1"]
[WhiteElo "2023"]
[BlackElo "2097"]
[PlyCount "46"]
[EventDate "2007.08.04"]
[EventType "swiss"]
[EventRounds "9"]
[EventCountry "NOR"]
[SourceTitle "CBM 119 Extra"]
[Source "ChessBase"]
[SourceDate "2007.09.04"]
[SourceVersion "1"]
[SourceVersionDate "2007.09.04"]
[SourceQuality "1"]

1. e4 c5 2. Nf3 d6 3. d4 cxd4 4. Nxd4 Nf6 5. Nc3 e6 6. g4 h6 7. h4 Nc6 8. Rg1 h5 9. gxh5 Nxh5 10. Bg5 Nf6 11. Qd2 Qb6 12. Nb3 a6 13. Be2 Qc7 14. 0-0-0 b5 15. a3 Bb7 16. f4 b4 17. axb4 Nxb4 18. Bf3 Rc8 19. Qe2 Qc4 20. Qe3 Na2+ 21. Kb1 Nxc3+ 22. bxc3 Bxe4 23. Bxf6 Qxb3+ 0-1

[Event "Arctic Chess Challenge"]
[Site "Tromsoe"]
[Date "2007.08.04"]
[Round "1"]
[White "Socko, Bartosz"]
[Black "Haugstad, Espen"]
[Result "1-0"]
[WhiteElo "2660"]
[BlackElo "2023"]
[PlyCount "71"]
[EventDate "2007.08.04"]
[EventType "swiss"]
[EventRounds "9"]
[EventCountry "NOR"]
[SourceTitle "CBM 119 Extra"]
[Source "ChessBase"]
[SourceDate "2007.09.04"]
[SourceVersion "1"]
[SourceVersionDate "2007.09.04"]
[SourceQuality "1"]

1. e4 e5 2. Nf3 Nc6 3. Bb5 a6 4. Bxc6 dxc6 5. 0-0 Bd6 6. d4 exd4 7. Qxd4 f6 8. Be3 c5 9. Qc3 b6 10. Nbd2 Bb7 11. Rad1 Qe7 12. Rfe1 0-0-0 13. a4 g5 14. Nc4 g4 15. Nh4 Be5 16. Rxd8+ Kxd8 17. Nxe5 Qxe5 18. Rd1+ Kc8 19. Qxe5 fxe5 20. Bg5 Bxe4 21. Rd8+ Kb7 22. c3 a5 23. f3 Bc2 24. fxg4 h6 25. Bf6 Nxf6 26. Rxh8 Nxg4 27. Nf3 e4 28. Nd2 Ne3 29. Rxh6 Nd1 30. Re6 Nxb2 31. g4 Nxa4 32. g5 Nxc3 33. g6 a4 34. g7 a3 35. g8Q a2 36. Rxb6+ 1-0